000 01089nam a22002537a 4500
001 8451
003 FISKH
005 20250912114946.0
008 250912b cb ||||| |||| 00| 0 eng d
020 _a9798176932416
040 _aFISKH
_beng
_cFISKH
_dFISKH
082 _a808
100 _aMoarais, Patrick
245 _aThe useful long tail :
_bMoral stories series
_cEdited by : Patrick Morais
260 _aSDN BHD :
_bKiddz Bookz,
_c2006.
300 _a16 unnumbered pages :
_bcolor illustrations ;
_c30 cm
505 _aJ
520 _aThe Useful Long Tail tells the story of a long-tailed animal who discovers the practical benefits of its tail. The narrative emphasizes themes such as resourcefulness and the value of one's unique attributes. The book is part of a broader collection aimed at teaching young children foundational moral lessons through engaging storytelling and colorful illustrations.
521 8 _a500
_bLexile estimate
521 8 _aJ
_bRaz-Plus
650 _aMoral Lessons
_vAnimal Stories
_xFriendship
942 _2ddc
_cBK
_n0
999 _c8451
_d8451